• 首页
  • 本馆介绍
  • 公告通知
  • 最新文献
  • 馆藏检索
  • 电子资源
  • 读者导购
  • 参考咨询
  • 我的图书馆
  • 登录
  • 详细信息显示
  • 放入我的书架
  • 预约/预借图书
  • 作者相关作品
  • 分类相关作品
  • 丛书相关作品
  • 出版社相关作品

书目信息

  • 表格格式
  • 工作单格式
  • 卡片格式
题名:
现代科技知识讲座
    
 
作者: ;民盟中央科技委员会 , 民盟北京市委科技委员会 编
分册:  
出版信息: 北京   中国青年出版社  1984
页数: 170页
开本: 19cm
丛书名:
单 册:
中图分类: N1
科图分类:
主题词: x现代科学--基本知识 , 自然科学--现状 , 自然科学--概况
电子资源:
ISBN:
000 00856nam0 2200277 45
001 0184002792
005 20040517104623.8
010    @dCNY0.56
091    @a7009.314
100    @a19950404d1984 emky0chiy0121 ea
101 0  @achi
102    @aCN@b110000
105    @ay z 000yy
106    @ar
200 10 @a现代科技知识讲座@Axian dai ke ji zhi shi jiang zuo@f民盟中央科技委员会,民盟北京市委科技委员会编
210    @a北京@c中国青年出版社@d1984
215    @a170页@d19cm
606    @ax现代科学@x基本知识
606 0  @a自然科学@x现状
606 0  @a自然科学@x概况
690    @aN1
711 02 @a民盟中央科技委员会@Amin meng zhong yang ke ji wei yuan hui@4编
711 02 @a民盟北京市委科技委员会@Amin meng bei jing shi wei ke ji wei yuan hui@4编
801  0 @aCN@b上海图书馆@c20040517
801  2 @aCN@bNLC@c20040517
905    @f2@b128316-317@dN1@e23
    
    现代科技知识讲座/民盟中央科技委员会,民盟北京市委科技委员会编.-北京:中国青年出版社,1984
    170页;19cm
    
    
    ISBN :CNY0.56
    
●
相关链接 在E读中查询图书 在五车中查询图书 在当当中查询图书 在豆瓣中查询图书


正题名:现代科技知识讲座     索取号:N1/23         预约/预借

序号 登录号 条形码 馆藏地/架位号 状态 备注
1 0128316   000566319   第三借阅区/ [索取号:N1/23] 在馆    
2 0128317   000566300   第三借阅区/ [索取号:N1/23] 在馆    
3 0128318   202094269   第二样本阅览室/ [索取号:N1/23] 在馆    
唐山师范学院图书馆 欢迎您!
大连网信软件有限公司© 版权所有